1491 1859 1853 1879 1011 1697 1993 1811 1335 1084 1209 1620 1551 1735 1422 1129 1109 1302 1123 1215 1429 1321 1256 1531 1663 1126 1330 1378 1584 1615 1629 1920 1733 1701 1402 1991 1828 1253 1444 1676 1400 1979 1548 1611 1469 1138 1970 1838 1279 1558 1453 1513 1862 1364 1551 1412 1842 1681 1748 1522 1517 1316 1719 1189 1691 1680 1296 1425 1960 1463 1829 1461 1266 1060 1433 1231 1243 1437 1700 1961 1373 1535 1834 1827 1749 1303 1165 1248 1907 1446 1892 1290 1224 1096 1352 1315 1698 1394 1810 BCNSPRNW ULIB Ver.6.0+V

เปลี่ยนเป็นภาษาไทย

Change to English
 แสดงรายละเอียดบรรณานุกรม
  กลับหน้าหลัก

Brief Record : Get Marc (ISO 2709) : E-mail record : QR code < ปิดหน้าต่าง
LEADER : 00000nam 2200000uu 4500
001    13399121197
003     ULIB
008    121108s2549||||th 000 0 tha d
099    นว.^bม551ค
100 0   มิเกล์ เด เซร์บันเตส ซาเบดฺร้า
245 00 ดอนกิโฆเต้ แห่งลามันช่า ขุนนางต่ำศักดิ์นักฝัน ^cเขียนโดย มิเกล์ เด เซร์บันเตส ซาเบดฺร้า ; รูปประกอบโดย, กุสตาฟ ดอเร่
260    กรุงเทพฯ:^cโรงพิมพ์สุภา,^c2549
945    ^p0^l0^i020997
999    ^aทศพร
รายการนี้ยังไม่มีแท็ก
คุณยังไม่ได้ล็อกอิน คุณสามารถมีกิจกรรมร่วมกับเว็บไซต์ได้ แต่ต้องล็อกอินก่อน ::
  ล็อกอิน

รายการสื่อสารสนเทศ

ลำดับที่ ประเภท เลขเรียก/บาร์โค้ด สถานที่ สถานะ
1. วิทยาศาสตร์การแพทย์ และสุขภาพ
วิทยาศาสตร์การแพทย์ และสุขภาพ
นว. ม551ค  
  Barcode: 020997
ห้องสมุดวิทยาเขตสวรรค์ประชารักษ์
►หนังสือทั่วไป
บนชั้น

BibComment


ยังไม่เคยถูกคอมเมนท์

คอมเมนท์ทรัพยากรรายการนี้
  คอมเมนท์: ดอนกิโฆเต้ แห่งลา..


 Copyright 2026. Bcnsprnw @Library